| 000 | 01499nam0a2200313 4500 | ||
|---|---|---|---|
| 001 | RU\NLR\bibl\1351344 | ||
| 005 | 20260407141424.0 | ||
| 010 |
_a978-5-89635-066-8 _91000 |
||
| 021 |
_aRU _b2009-7653 _9439 |
||
| 035 | _a(NLR Aleph) 001336428 | ||
| 090 |
_a833101 _c833101 |
||
| 100 | _a20090403d2008 |||y0rusy50 ca | ||
| 101 | 0 | _arus | |
| 102 | _aRU | ||
| 105 | _aa zzzz||||| | ||
| 200 | 1 |
_aНештатные аварийно-спасательные формирования _eпредназначение, создание, подготовка, оснащение _eметодическое пособие _fИн-т риска и безопасности _g[подгот.: М.И. Камышанский и др.] _gпод общ. ред. В.Я. Перевощикова |
|
| 205 | _aИзд. 2-е, стер. | ||
| 210 |
_aМосква _cИнститут риска и безопасности _d2008 |
||
| 215 |
_a173 с. _cил. _d29 |
||
| 606 | 1 |
_aВнештатные аварийно-спасательные формирования _jМетодические пособия _92478767 _3RU\NLR\auth\661471642 |
|
| 686 | _aЦ69,6(2Р)0-53я8 | ||
| 702 | 1 |
_aКамышанский _bМ. И. _4570 |
|
| 702 | 1 |
_aПеревощикова _bВ. Я. _4340 |
|
| 712 | 0 | 2 |
_4570 _aИнститут риска и безопасности _cМосква _3RU\NLR\AUTH\8810009047 _9515827 |
| 801 | 0 |
_aRU _bNLR _c20090403 _gRCR |
|
| 801 | 1 |
_aRU _bNLR _c20090403 |
|
| 942 | _cBOOK | ||
| 980 | _aNB | ||